00000000nam 2200000zi 4500
0019.874970
003CaOODSP
00520230222145255
006m     o  d f      
007cr cn|||||||||
008190614t20192019oncb    ob   f000 0 eng d
020 |a9780660314501
040 |aCaOODSP|beng|erda|cCaOODSP
0410 |aeng|beng|bfre
043 |an-cn---|ar------
0861 |aFs97-4/3180E-PDF
1001 |aPućko, Monika, |eauthor.
24500|aOccurrence of toxin-producing marine algae in the Canadian Arctic and adjacent waters / |cM. Pućko, K. Dionne, and C. Michel.
264 1|a[Ottawa] : |bFisheries and Oceans Canada = Pêches et océans Canada, |c2019.
264 4|c©2019
300 |a1 online resource (vii, 27 pages) : |bcolour maps.
336 |atext|btxt|2rdacontent
337 |acomputer|bc|2rdamedia
338 |aonline resource|bcr|2rdacarrier
4901 |aCanadian manuscript report of fisheries and aquatic sciences, |x1488-5387 ; |v3180
504 |aIncludes bibliographical references (pages 19-27).
5203 |a"Here, we present an in-depth literature review of the occurrence of toxin-producing marine algal species in the Canadian Arctic within its five Biogeographic Regions (eastern Canadian Arctic, western Canadian Arctic, Canadian Arctic Basin, and Hudson Bay Complex) and in adjacent waters of western Greenland, northern Alaska and the Chukchi Sea. We show that almost 70% of species globally considered toxic are already present across various habitats of the Canadian Arctic and adjacent waters. Further, we present maps of their reported occurrence. The most prevalent taxonomic classes belonged to Dinophyceae and Bacillariophyceae, followed by Haptophyceae and Raphidophyceae. There are a few published studies documenting presence of marine phycotoxins in the Alaskan and Greenlandic sectors of the Arctic Ocean, but not in the Canadian sector as yet. Finally, we discuss implications of toxin-producing species presence in the Canadian Arctic and identify the most pressing scientific questions that need to be addressed"--Abstract, page iv.
546 |aIncludes abstracts in English and French.
69207|2gccst|aAquatic plants
69207|2gccst|aArctic
7001 |aDionne, Kaven, |eauthor.
7001 |aMichel, Christine, |d1963- |eauthor.
7101 |aCanada. |bDepartment of Fisheries and Oceans.
7102 |aFreshwater Institute (Canada)
830#0|aCanadian manuscript report of fisheries and aquatic sciences ;|v3180.|w(CaOODSP)9.505211
85640|qPDF|s676 KB|uhttps://publications.gc.ca/collections/collection_2019/mpo-dfo/Fs97-4-3180-eng.pdf